Регионална библиотека "Любен Каравелов" - Русе

Правна уредба на отпуските в Република България (Запис номер 36914)

MARC детайли
000 -Лидер
Контролно поле с фиксирана дължина 01267nam a2200361 c 4500
003 - Код на организацията, давaща контролен номер
Контролно поле BLK
005 - Дата и час на последна редакция
Контролно поле 20180420220941.0
008 - Елементи от данни с фиксирана дължина
fixed length control field 180408b bul|||||r ||||||| ||bul||
010 ## - Наследен системен номер
LC control number KNG00040034000
020 ## - Международен стандартен номер на книга ISBN
Международен стандартен номер на книга ISBN 954-751-032-0
-- издат.: Албатрос
040 ## - Източник на каталожния запис
Идентификатор на билиотеката - собственик на записа BLK
041 ## - Код за език
Код за езика на текст/звукозапис или на отделно заглавие Български
Код за езика КДБФ Български
080 ## - УДК
Текстов определител УДК Работно време. Отпуска
УДК код - определител по УДК 349.235
УДК определител (497.2)(094.5)
УДК - код + определител 349.235(497.2)(094.5)
100 1# - Редна дума - Автор
Автор Йосифов, Никола
Авторска отговорност първи автор
R(LIN) 275219
139 ## - Редно поле
Редна дума Йосифов, Никола
Авторски знак Иос - И 84
245 10 - Сведения за заглавието
Заглавие Правна уредба на отпуските в Република България
Редно поле (дума) Никола Йосифов.
257 ## - Страна на издаване
Страна на създаване/издаване България
260 ## - Област на издателските данни
-- София
Име на издателя, разпространителя и проч. Албатрос
Година на издаване 2001
Печатница Скала
300 ## - Физическа характеристика
Страници 256 с.
Размери/Мащаб 20 см
380 ## - Жанр
Жанр Обществени науки
650 #4 - Допълнително описание по предмет – тема
Основно описание – тема или топоним Отпуски - България - правни въпроси
9 (RLIN) 248379
650 #4 - Допълнително описание по предмет – тема
Основно описание – тема или топоним Законодателство - България
9 (RLIN) 243210
653 ## - Ключова дума – ненормативна
Ключова дума отпуски
653 ## - Ключова дума – ненормативна
Ключова дума България
653 ## - Ключова дума – ненормативна
Ключова дума закони
653 ## - Ключова дума – ненормативна
Ключова дума наредби
653 ## - Ключова дума – ненормативна
Ключова дума Кодекс на труда
852 ## - Местоположение
Форматна сигнатура Цб 209915
856 4# - Електронен адрес и достъп
Електронен формат pdf - файл
Път до файла /url/
856 4# - Електронен адрес и достъп
Електронен формат pdf - файл
Път до файла /url/
942 ## - АРТИКУЛИ
Вид на библиотечния материал Книги
Скрит в OPAC Не
944 ## - СЪЗДАВАНЕ И РЕДАКЦИЯ на ЗАПИСА
Създаване/Редакция Създаване
Дата на регистрацията/редакция 15.01.2003
Служител, извършил регистрацията/редакцията Цветанка_Енчева
944 ## - СЪЗДАВАНЕ И РЕДАКЦИЯ на ЗАПИСА
Създаване/Редакция Редакция
Дата на регистрацията/редакция 18.03.2005
Служител, извършил регистрацията/редакцията
999 ## - СИСТЕМНИ КОНТРОЛНИ НОМЕРА
Koha biblionumber 36914
Koha biblioitemnumber 36914
Наличности
Код за отписване Код за изгубен артикул Източник на класификационната схема Код за повреда Коз за рестрикции Код за отдаване Артикулен № Име на библиотеката - собственик Име на библиотеката, в която се намира в момента Статус (Текущо местоположение) Дата на вписване в системата Местоположение - отдел Цена в лева Инвентарен номер Систематично азбучна сигнатура Баркод Номер на екземпляра Цена в евро Служебна бележка Служебен тип на артикула
  Не е изгубен Universal Decimal Classification Не е повреден без рестрикции ползва се в читалня 58018 Регионална библиотека "Любен Каравелов" Русе Регионална библиотека "Любен Каравелов" Русе Читалня 2001-01-01 Читалня 7.00 667424 Ч 349(497.2)/И 84 120000667424 1 3.58 Дост: Pk Вид: Ф N: стар фонд Дата: 01.01.2001 Дата инв: 14.03.2017 Бележки инв: Ч2017 Книги
  Не е изгубен   Не е повреден без рестрикции ползва се в читалня 58019 Регионална библиотека "Любен Каравелов" Русе Регионална библиотека "Любен Каравелов" Русе Хранилище 2002-06-11 Хранилище 7.00 120000670420 Цб 209915 120000670420 2 3.58 Дост: Dp Вид: Д N: 1 Дата: 12.12.2001 Книги
Vip Innovations Ltd, Rousse, Bulgaria 2025